20世紀から政令指定都市だった市 - Statistics

General Stats
  • This quiz has been taken 23 times
  • The average score is 6 of 12
Answers on the Grid
Answers color-coded by a green-red scale on the quiz's grid according to % correct below.
札幌市
仙台市
さいたま市
千葉市
川崎市
横浜市
相模原市
新潟市
静岡市
浜松市
名古屋市
京都市
大阪市
堺市
神戸市
岡山市
広島市
北九州市
福岡市
熊本市
 
Answer Stats
Answer % Correct
札幌市
88%
横浜市
75%
名古屋市
69%
大阪市
63%
福岡市
56%
仙台市
50%
京都市
50%
神戸市
44%
広島市
44%
千葉市
38%
川崎市
38%
北九州市
31%
No matching quizzes found
Score Distribution
Percent of People with Each Score
Percentile by Number Answered
Your Score History
You have not taken this quiz